| 000 | 00987pam a2200313 a 4500 | ||
|---|---|---|---|
| 999 |
_c6889 _d6889 |
||
| 001 | 1004518 | ||
| 003 | GBCCL | ||
| 005 | 20241126110614.0 | ||
| 008 | 870416r19881984nyua 001 0 eng c | ||
| 010 | _a 87009735 | ||
| 020 |
_a0895772701 : _c$21.99 |
||
| 040 |
_aDNLM/DLC _cDLC _dDLC |
||
| 050 | 0 | 0 |
_aRA776 _b.C75 1988 |
| 060 | _aQT 255 C737 1984a | ||
| 082 | 0 | 0 |
_a613 _219 _bREA |
| 245 | 0 | 4 | _aThe Complete manual of fitness and well-being. |
| 250 | _aRev. ed. | ||
| 260 |
_aPleasantville, N.Y. : _bReader's Digest Association, _cc1988. |
||
| 300 |
_a352 p. : _bill. (some col.) ; _c26 cm. |
||
| 500 | _aReprint. Originally published: New York, N.Y. : Viking, 1984. | ||
| 500 | _aIncludes index. | ||
| 650 | 0 |
_aHealth. _99214 |
|
| 650 | 0 |
_aPhysical fitness. _912306 |
|
| 650 | 2 |
_aHealth. _99214 |
|
| 650 | 2 |
_aPhysical Fitness _xpopular works. _912307 |
|
| 710 | 2 |
_aReader's Digest Association. _96294 |
|
| 906 |
_a7 _bcbc _corignew _d1 _eocip _f19 _gy-gencatlg |
||
| 942 |
_2ddc _cREF |
||